Catálogo público

Boll weevil control by airplane dusting / (Record no. 206308)

MARC details
000 -CABECERA
campo de control de longitud fija 01095nam a2200325Ia 4500
001 - NÚMERO DE CONTROL
campo de control Para_7381
003 - IDENTIFICADOR DEL NÚMERO DE CONTROL
campo de control CHAP
008 - DATOS DE LONGITUD FIJA--INFORMACIÓN GENERAL
campo de control de longitud fija 220125s1929 xx 000 0 und d
010 ## - NÚMERO DE CONTROL DE LA BIBLIOTECA DEL CONGRESO
Número de control de LC 206308
040 ## - FUENTE DE LA CATALOGACIÓN
Centro/agencia transcriptor CHAP
082 ## - NÚMERO DE LA CLASIFICACIÓN DECIMAL DEWEY
Número de clasificación PA-C 632 B85
245 ## - MENCIÓN DE TÍTULO
Título Boll weevil control by airplane dusting /
Mención de responsabilidad, etc. by F.L. Thomas -et. al.-
260 ## - PUBLICACIÓN, DISTRIBUCIÓN, ETC.
Lugar de publicación, distribución, etc. Brazos County, Texas :
Nombre del editor, distribuidor, etc. Agricultural and Mechanical College of Texas. Texas Agricultural Experiment Station
300 ## - DESCRIPCIÓN FÍSICA
Extensión 40 p.
440 ## - MENCIÓN DE SERIE/PUNTO DE ACCESO ADICIONAL--TÍTULO
Título Bulletin ; 394
9 (RLIN) 172590
500 ## - NOTA GENERAL
Nota general Enc. con impresos similares
650 ## - PUNTO DE ACCESO ADICIONAL DE MATERIA--TÉRMINO DE MATERIA
Término de materia o nombre geográfico como elemento de entrada Algadón
Subdivisión general plagas
9 (RLIN) 172591
650 ## - PUNTO DE ACCESO ADICIONAL DE MATERIA--TÉRMINO DE MATERIA
Término de materia o nombre geográfico como elemento de entrada Algodón
Subdivisión general fumigación
9 (RLIN) 4016
650 ## - PUNTO DE ACCESO ADICIONAL DE MATERIA--TÉRMINO DE MATERIA
Término de materia o nombre geográfico como elemento de entrada Aviación en agricultura
9 (RLIN) 8698
650 ## - PUNTO DE ACCESO ADICIONAL DE MATERIA--TÉRMINO DE MATERIA
Término de materia o nombre geográfico como elemento de entrada Fitopatología
Subdivisión general colecciones de escritos
9 (RLIN) 172523
700 ## - PUNTO DE ACCESO ADICIONAL--NOMBRE DE PERSONA
Nombre de persona Thomas, F. L.
9 (RLIN) 112824
710 ## - PUNTO DE ACCESO ADICIONAL--NOMBRE DE ENTIDAD CORPORATIVA
Nombre de entidad corporativa o nombre de jurisdicción como elemento de entrada Agricultural and Mechanical College of Texas. Texas Agricultural Experiment Station
9 (RLIN) 172592
901 ## - ELEMENTOS DE DATOS A LOCAL LDA (RLIN)
a PA-C 632 B85
902 ## - ELEMENTOS DE DATOS B LOCAL, LDB (RLIN)
a A
905 ## - ELEMENTOS DE DATOS E LOCAL, LDE (RLIN)
a 0000001929 ai 0000000000 00
910 ## - DATOS DE OPCIÓN DEL USUARIO (OCLC)
Datos de opción del usuario 1929
942 ## - ELEMENTOS DE PUNTO DE ACCESO ADICIONAL (KOHA)
Tipo de ítem Koha Parasitologia_
942 ## - ELEMENTOS DE PUNTO DE ACCESO ADICIONAL (KOHA)
Tipo de ítem Koha Parasitologia_
-- 1
Holdings
Estado de retiro Estado de pérdida Fuente del sistema de clasificación o colocación Estado dañado Restricciones de uso No para préstamo Código de colección Localización permanente Ubicación/localización actual Ubicación en estantería Fecha de adquisición Información codificada de la localización en otra ubicación Total de préstamos Código de barras Fecha visto por última vez Precio válido a partir de Tipo de ítem Koha Nota pública
    Dewey Decimal Classification   Préstamo interno   Consulta Parasitologia Agricola Parasitologia Agricola   27/10/2005 PARA   PA_5356-2 25/01/2022 25/01/2022 Libro 3